| 000 | 00812nam a2200157 i 4500 | ||
|---|---|---|---|
| 001 | 182246 | ||
| 003 | ES-MaACL | ||
| 005 | 20230906221550.0 | ||
| 008 | 130725s1901 sp |||| | spa d | ||
| 110 | 0 |
_aReal Asociación de Maestros de Primera Enseñanza `San Casiano`. _96346 |
|
| 245 | 1 | 0 |
_aTrabajos premiados en el Primer Certamen Científico, Literario y Artístico celebrado por la misma el día 16 de septiembre de 1900 en el Colegio de los RR.PP. escolapios y con la cooperación de las autoridades sevillanas. _nTomo I. |
| 260 |
_a[S.l. : _bs.n., _c1901] ( _fImpr. de El Correo de Andalucía) |
||
| 300 |
_a86, [6] p. ; _c15 cm. |
||
| 594 | _aPrecede al tít.: San Casiano, Asociación de Maestros de 1ª Enseñanza establecida en la S.I. del S.C. de Jesús en Sevilla. | ||
| 852 |
_aES-MaACL _jT-961-F-3 |
||
| 999 |
_c182246 _d182246 |
||